Národné účty vo verejnej správe

Pokračovanie príspevku z predchádzajúcej časti. Základná charakteristika sektora verejnej správy v rámci systému národných účtov ESA 2010. Prehľad o základných jednotkách používaných v inštitucionálnom sektore verejnej správy.

Salvato in:
Dettagli Bibliografici
Autore principale: Staríčková, Zuzana
Natura: Capitolo di libro
Lingua:slovacco
Soggetti:
Tags: Aggiungi Tag
Nessun Tag, puoi essere il primo ad aggiungerne!!

MARC

LEADER 00000nla a2200000 4500
001 0210989
005 20240502073520.9
041 0 |a slo 
044 |a SK 
245 1 0 |a Národné účty vo verejnej správe  |c Zuzana Staríčková 
520 |a Pokračovanie príspevku z predchádzajúcej časti. Základná charakteristika sektora verejnej správy v rámci systému národných účtov ESA 2010. Prehľad o základných jednotkách používaných v inštitucionálnom sektore verejnej správy. 
610 2 0 |a správa verejná 
610 2 0 |a účty národné 
610 2 0 |a súvaha 
610 2 0 |a pravidlá účtovné 
610 2 0 |a účtovníctvo podvojné 
100 1 |a Staríčková, Zuzana